| 000 | 00786nam a2200241Ia 4500 | ||
|---|---|---|---|
| 003 | OSt | ||
| 005 | 20220927105224.0 | ||
| 006 | a|||||r|||| 00| 0 | ||
| 007 | ta | ||
| 008 | 220926b |||||||| |||| 00| 0 eng d | ||
| 024 | _a188002 | ||
| 037 | _cReference Collections | ||
| 040 |
_aRTL _cRTL _beng |
||
| 041 |
_2eng _aeng |
||
| 082 | _a"X9(J).20j1(X).N8, M6/SC" | ||
| 100 |
_aMellor John W Ed. _9371125 |
||
| 245 | 0 |
_aAgricultural change and rural poverty _b Variations on a theme by Dharm Narain. |
|
| 260 |
_aDelhi _bOxford University Press _c1986 |
||
| 300 |
_a"xix,233p." _ccm. |
||
| 700 |
_a Desai Gunvant M Ed. _9371126 |
||
| 942 |
_h"X9(J).20j1(X).N8, M6/SC" _cCC |
||
| 999 |
_c691363 _d691363 |
||